| 000 | 00371nam a2200133 a 4500 | ||
|---|---|---|---|
| 005 | 20140412111414.0 | ||
| 008 | 070706s19uu xx 00 eng d | ||
| 020 | _a0-307-16262-1 | ||
| 050 |
_aER _bPo75 1999 |
||
| 100 | _aKleinberg, Naomi | ||
| 245 |
_aPoky and friends : _bLucky ducks / _cNaomi Kleinberg. |
||
| 260 |
_aNew York : _bGolden book, _c1999. |
||
| 999 |
_c105789 _d105789 |
||